Meilleurs buteurs de la LDC par édition - Statistiques

Statistiques générales
  • Ce quiz a été pris 1 190 fois
    441 depuis la dernière actualisation
  • Le résultat moyen est 29 sur 97
Statistiques - réponses
Saison Joueur(s) % Correct
2017-2018 Cristiano Ronaldo
97%
2016-2017 Cristiano Ronaldo
97%
2015-2016 Cristiano Ronaldo
97%
2014-2015 Cristiano Ronaldo
97%
2013-2014 Cristiano Ronaldo
97%
2012-2013 Cristiano Ronaldo
97%
2007-2008 Cristiano Ronaldo
97%
2018-2019 Lionel Messi
96%
Lionel Messi
96%
2011-2012 Lionel Messi
96%
2010-2011 Lionel Messi
96%
2009-2010 Lionel Messi
96%
2008-2009 Lionel Messi
96%
Kylian Mbappé
87%
2021-2022 Karim Benzema
84%
2022-2023 Erling Haaland
80%
2020-2021 Erling Haaland
80%
2019-2020 Robert Lewandowski
79%
Neymar
66%
2024-2025 Raphinha
63%
2023-2024 Harry Kane
55%
2006-2007 Kaka
55%
Serhou Guirassy
52%
Michel Platini
43%
1957-1958 Alfredo Di Stefano
36%
2005-2006 Andriy Chevtchenko
36%
1998-1999 Andriy Chevtchenko
36%
1991-1992 Jean-Pierre Papin
36%
Jean-Pierre Papin
36%
Jean-Pierre Papin
36%
1988-1989 Marco Van Basten
36%
2000-2001 Raul
36%
Raul
36%
1976-1977 Gerd Müller
33%
Gerd Müller
33%
1973-1974 Gerd Müller
33%
1972-1973 Gerd Müller
33%
Rivaldo
32%
Ferenc Puskas
31%
1959-1960 Ferenc Puskas
31%
2004-2005 Ruud Van Nistelrooy
26%
2002-2003 Ruud Van Nistelrooy
26%
2001-2002 Ruud Van Nistelrooy
26%
1967-1968 Eusebio
24%
1965-1966 Eusebio
24%
1964-1965 Eusebio
24%
1958-1959 Just Fontaine
24%
1997-1998 Alessandro Del Piero
20%
Jose Torres
18%
1994-1995 George Weah
15%
2003-2004 Fernando Morientes
13%
1992-1993 Romario
11%
1989-1990 Romario
11%
1980-1981 Karl-Heinz Rummenigge
7%
1982-1983 Paolo Rossi
7%
1968-1969 Denis Law
4%
Gheorghe Hagi
4%
1995-1996 Jari Litmanen
4%
Ronald Koeman
4%
1999-2000 Mario Jardel
3%
1977-1978 Allan Simonsen
2%
Dwight Yorke
2%
Florian Albert
2%
Rabah Madjer
2%
1960-1961 José Aguas
1%
1969-1970 Michael Jones
1%
Michel
1%
1996-1997 Milinko Pantic
1%
Rui Aguas
1%
Ally McCoist
0%
1970-1971 Antonis Antoniadis
0%
1986-1987 Borislav Cvetkovic
0%
1978-1979 Claudio Sulser
0%
1956-1957 Dennis Viollet
0%
1981-1982 Dieter Hoeness
0%
1974-1975 Eduard Markarov
0%
Franco Cucinotta
0%
Graeme Souness
0%
1961-1962 Heinz Strehl
0%
Jean-Marc Ferreri
0%
1962-1963 José Altafini
0%
1975-1976 Jupp Heynckes
0%
Lou Macari
0%
1955-1956 Milos Milutinovic
0%
1966-1967 Paul Van Himst
0%
1987-1988 Peter Novak
0%
1990-1991 Peter Pacult
0%
Sandro Mazzola
0%
Sergueï Yuran
0%
1971-1972 Silverster Takac
0%
1979-1980 Soren Lerby
0%
Terry McDermott
0%
1985-1986 Torbjörn Nilsson
0%
1984-1985 Torbjörn Nilsson
0%
1983-1984 Viktor Sokol
0%
1963-1964 Vladica Kovacevic
0%
1993-1994 Wynton Rufer
0%
Aucun quiz correspondant
Distribution des résultats
% des personnes avec chaque résultat
Percentile par nombre de réponses
Votre historique - résultats
Vous n’avez pas pris ce quiz depuis la dernière actualisation